Responses for Show #6318 - Wednesday, February 22, 2012

2012-A Teachers Tournament semifinal game 1.

Contestants

[<< previous game]

Lisa Johnston, a fourth and fifth grade reading and religion teacher from East Boston, Massachusetts

Kathryn Wendling, a high school social studies teacher from Farmington, Minnesota

Justin Hofstetter, a sixth and seventh grade language arts and social studies teacher from Kansas City, Missouri

[next game >>]

Jeopardy! Round responses

SCHOOL OF ROCK
ITALIAN DRESSING
ARTHURIAN LIT
A FRUITFUL CATEGORY
GO "BIG"
OR GO HOME
    $200 1
Jim Morrison

Kathryn
    $200 6
silk

Justin
    $200 16
Guinevere

Kathryn
    $200 17
a plum

Lisa
    $200 8
a bigot

Lisa
    $200 26
the Playboy Mansion

Kathryn
    $400 2
Tom Petty

Justin
    $400 7
Armani

Kathryn
    $400 18
(Alex: Yes, the sword.)

Excalibur

Justin
    $400 22
the Jonathan & golden delicious

Kathryn
    $400 12
the big house

Justin
    $400 27
Bill Gates

Lisa
    $600 3
Lionel Richie

Kathryn
    $600 9
Milan

Justin
    $600 19
Avalon

Lisa
    $600 23
a blood orange

Kathryn
    $600 13
Bigfoot

Justin
    $600 28
(Kathryn: What are [*]s?)
[Originally ruled correct; later reversed before Daily Double at clue 30.]

Trump Tower

Kathryn
Triple Stumper
    $800 4
Sheryl Crow

Justin
    $800 10
(Gianni) Versace

Lisa
    $800 20
Le Morte d'Arthur

Lisa
    $800 24
kiwi

Lisa
    $800 14
(Lisa: ...um...)
(Alex: Oh, nothing's coming.)
(Lisa: What is Big Bird?)

the bighorn sheep

Lisa
Triple Stumper
    $800 29
(Robert E.) Lee

Lisa
    $1000 5
Kid Rock

Justin
    $1000 11
(Lisa: Who is Pucci?)

Prada

JustinLisa
    $1000 21
The Once and Future King

Justin
    $1000 25
a grape

Lisa
    $1000 15
Big Bertha

Justin
    $1,800 30
(Lisa: Who is Franklin Roosevelt?)

Hyde Park

Lisa

Scores at the first commercial break (after clue 15):

Justin Kathryn Lisa
$6,000 $1,200 -$800

Scores at the end of the Jeopardy! Round:

Justin Kathryn Lisa
$7,400 $2,000 $2,000

Double Jeopardy! Round responses

FEBRUARY IS BLACK HISTORY MONTH
(Alex: I hope you're aware of that.)
TV SPIN-OFFS
GREEK IS THE WORD
U.S. PLACE NAMES
AUTOBIOGRAPHIES
THIS IS... A JEOPARDY! CATEGORY
    $400 1
the Army

Kathryn
    $400 6
Project Runway

Justin
    $400 19
a metaphor

Kathryn
    $400 17
(Kathryn: What is Sumter?)
(Justin: What is Fort Lee?)

Fort Bragg

JustinKathryn
Triple Stumper
    $400 11
(Rosalynn) Carter

Kathryn
    $400 16
Brigham Young

Triple Stumper
    $2,400 2
(Kathyrn: What is Amistad?)

the Mayflower

Kathryn
    $800 7
The Andy Griffith Show

Justin
    $800 24
(Alex: Right, with less than a minute to go.)

a plethora

Justin
    $800 18
(Alex: It's a big river--[*]. Justin?)
(Justin: Oh I am so sorry Alex.)

the Columbia

Triple Stumper
    $800 12
(Charles) Lindbergh

Justin
    $800 20
the United States Marine Corps

Justin
    $1200 3
outlaw slavery

Lisa
    $1200 8
The Crocodile Hunter

Justin
    $1200 25
acrobat

Lisa
    $3,000 29
[The end-of-round signal sounds.]

Bethesda

Lisa
    $1200 13
Vladimir Nabokov

Triple Stumper
    $1200 21
300

Justin
    $1600 4
Ghana

Justin
    $1600 9
Carol Burnett

Justin
    $1600 26
a mentor

Justin
    $1600 28
Gallup

Lisa
    $1600 14
(Lisa: Who is Kovac...Kovacs?)
(Justin: Who is Kovacs?)

Ron Kovic

JustinLisa
Triple Stumper
    $1600 22
the Last Supper

Lisa
    $2000 5
Southern Leadership Conference

Kathryn
    $2000 10
JAG

Lisa
    $2000 27
ethos

Triple Stumper
    $2000 15
(Kathryn: Who is Eldridge...Gerry?)

(Eldridge) Cleaver

JustinKathryn
    $2000 23
Edward Murrow

Triple Stumper

Scores at the end of the Double Jeopardy! Round:

Justin Kathryn Lisa
$18,200 $400 $11,000

[wagering suggestions for these scores]

Final Jeopardy! Round responses

THE NEW TESTAMENT
KathrynWho is Judas Iscariot?
$219
LisaWho is Judas?
$10,500
JustinWho is Judas?
$4,000
Judas

Final scores:

Justin Kathryn Lisa
$22,200 $619 $21,500
Finalist 3rd place: $10,000 2nd place: $10,000

Game dynamics:

Coryat scores:

Justin Kathryn Lisa
$18,200 $2,800 $11,000
22 R,
2 W
11 R,
4 W
(including 1 DD)
15 R
(including 1 DD),
4 W
(including 1 DD)

Combined Coryat: $32,000

[game clues] [game scores] [suggest correction]

Game tape date: 2012-01-24
The J! Archive is created by fans, for fans. Scraping, republication, monetization, and malicious use prohibited; this site may use cookies and collect identifying information. See terms. The Jeopardy! game show and all elements thereof, including but not limited to copyright and trademark thereto, are the property of Jeopardy Productions, Inc. and are protected under law. This website is not affiliated with, sponsored by, or operated by Jeopardy Productions, Inc. Join the discussion at JBoard.tv.